000
00317nam a2200133Ia 4500
008
260604s9999 xx 000 0 und d
020
_a
9781835351598
082
_a
158.1 ANP
100
_a
Jean p.
_9
35676
245
0
_a
Psychology: Study of Principles
260
_b
Ed-Tech Press
500
_a
Psychology
942
_c
BK
999
_c
8500
_d
8500